00481nam a2200181 a 4500001001300000003000900013005001700022008004100039020000900080082001600089100002300105245005500128260003300183300000900216500003500225650001600260700002300276nice12345678IN_TiNIC20260116013344.0070712s1997 dela grp 000 0 eng  ac8000a297.7bTHA1 aThanwi, Ashraf Ali aIslamic Renaissanceb Muslim Revival and Awakening aDelhibAdam Publishersc1997 a224p aincludes index and biblioraphy aDawah-Islam1 aThanwi, Ashraf Ali